Dataset Open Access
Frick, Claudia; Blümm, Mirjam
<?xml version='1.0' encoding='UTF-8'?>
<record xmlns="http://www.loc.gov/MARC21/slim">
<leader>00000nmm##2200000uu#4500</leader>
<datafield tag="542" ind1=" " ind2=" ">
<subfield code="l">open</subfield>
</datafield>
<datafield tag="700" ind1=" " ind2=" ">
<subfield code="a">Blümm, Mirjam</subfield>
<subfield code="u">Technical College Cologne</subfield>
</datafield>
<datafield tag="540" ind1=" " ind2=" ">
<subfield code="u">https://creativecommons.org/licenses/by/4.0/legalcode</subfield>
<subfield code="a">Creative Commons Attribution 4.0 International</subfield>
</datafield>
<datafield tag="980" ind1=" " ind2=" ">
<subfield code="a">dataset</subfield>
</datafield>
<datafield tag="520" ind1=" " ind2=" ">
<subfield code="a"><p>The research-based learning opportunity presented here takes place in the Digital Science &amp; Library and Information Science degree programmes and shows how students go through various research steps by reproducing a scientific study.</p></subfield>
</datafield>
<controlfield tag="005">20250417063740.0</controlfield>
<datafield tag="024" ind1=" " ind2=" ">
<subfield code="a">10.25592/uhhfdm.17257</subfield>
<subfield code="2">doi</subfield>
</datafield>
<datafield tag="260" ind1=" " ind2=" ">
<subfield code="c">2024-12-01</subfield>
</datafield>
<controlfield tag="001">17257</controlfield>
<datafield tag="650" ind1="1" ind2="7">
<subfield code="a">cc-by</subfield>
<subfield code="2">opendefinition.org</subfield>
</datafield>
<datafield tag="909" ind1="C" ind2="O">
<subfield code="o">oai:fdr.uni-hamburg.de:17257</subfield>
<subfield code="p">user-uhh</subfield>
</datafield>
<datafield tag="245" ind1=" " ind2=" ">
<subfield code="a">Research-based learning in the field of open science</subfield>
</datafield>
<datafield tag="773" ind1=" " ind2=" ">
<subfield code="a">10.25592/uhhfdm.17256</subfield>
<subfield code="i">isVersionOf</subfield>
<subfield code="n">doi</subfield>
</datafield>
<datafield tag="856" ind1="4" ind2=" ">
<subfield code="s">1370022</subfield>
<subfield code="u">https://www.fdr.uni-hamburg.de/record/17257/files/Frick_Blümm_Research-based learning in the field of open science.pdf</subfield>
<subfield code="z">md5:9affd9cd010501615ff992830ee549a6</subfield>
</datafield>
<datafield tag="041" ind1=" " ind2=" ">
<subfield code="a">eng</subfield>
</datafield>
<datafield tag="653" ind1=" " ind2=" ">
<subfield code="a">open science, reproduction of scientific studies, ethical issues</subfield>
</datafield>
<datafield tag="100" ind1=" " ind2=" ">
<subfield code="a">Frick, Claudia</subfield>
<subfield code="u">Technical College Cologne</subfield>
</datafield>
<datafield tag="980" ind1=" " ind2=" ">
<subfield code="a">user-uhh</subfield>
</datafield>
</record>